00477nam a22001337a 450000500170000000800410001702000170005810000660007524500950014126000530023630000260028994200150031599900130033020260414090420.0260414b |||||||| |||| 00| 0 eng d a0 435 628909 aButlin Chris, Connell Tony, Swinbank Elizabeth & Wallis Nigel aSalters Horners Advanced Physics: as Level Students bookc/ Chris, Tony, Elizabeth & Nigel aOxford;bHeinemann Educationer Publishers;c2000 avii,374p.ill;c26.2cm 2ddccBKn0 c216d216